000 00566nmm a2200193Ia 4500
008 251105s9999||||xx |||||||||||||||||und||
020 _a9788433979841
041 _aspa
100 _aGentile Vitale, Juan Carlos
245 0 _aLa banda de los niños
264 _a[Madrid, España] :
_bEditorial Anagrama,
_c2017
300 _a377 páginas
490 _aPanorama de narrativas
650 _aOther narratives
700 _aGentile Vitale, Juan Carlos
700 1 _a Saviano, Roberto
856 _uhttps://public.digitaliapublishing.com/a/49049
942 _cCF
999 _c66059
_d66059